| 000 | 01570nam a22001937a 4500 | ||
|---|---|---|---|
| 999 |
_c3650 _d3650 |
||
| 003 | OSt | ||
| 005 | 20240424084031.0 | ||
| 008 | 240424b ||||| |||| 00| 0 eng d | ||
| 020 | _a9780552161251 | ||
| 040 | _cKH8 | ||
| 082 | _aFIC BRO | ||
| 100 |
_aBrown, Dan, _eauthor. |
||
| 245 |
_aDigital Fortress / _cDan Brown. |
||
| 260 |
_aLondon; _bTransworld Publishers, _c2009. |
||
| 300 |
_a510 pages: _c22 cm. |
||
| 500 | _a'A new master of smart thrills' People Magazine | ||
| 520 | _aNational Security Agency, Fort Meade, Maryland: when the most powerful intelligence organization on earth's invincible code-breaking machine encounters a mysterious code it cannot break, it calls for its head cryptographer, Susan Fletcher, a brilliant and beautiful mathematician. What she uncovers sends shock waves through the corridors of power. The NSA is being held hostage...not by guns or bombs, but by a code so ingeniously complex that if released would cripple U.S. intelligence. Seville, Spain: the creator of the code, Ensei Tankado, is found dead. And with him has died the secret to an impregnable code-writing formula that threatens to obliterate the post-cold war balance of power. Forever. From the underground hallways of power to the skyscrapers of Tokyo to the towering cathedrals of Spain, a desperate race unfolds. Caught in an accelerating tempest of secrecy and lies, betrayed on all sides, Susan Fletcher finds herself fighting not only for her country but for her life, and in the end, for the life of the man she loves. | ||
| 942 |
_2ddc _cFIC |
||